Ethical Fragrance in Indian Art and Literature (Record no. 238492)
[ view plain ]
| 000 -LEADER | |
|---|---|
| fixed length control field | 00487nam a22001817a 4500 |
| 003 - CONTROL NUMBER IDENTIFIER | |
| control field | LK-CoDNM |
| 005 - DATE AND TIME OF LATEST TRANSACTION | |
| control field | 20250227152049.0 |
| 008 - FIXED-LENGTH DATA ELEMENTS--GENERAL INFORMATION | |
| fixed length control field | 250227b |||||||| |||| 00| 0 eng d |
| 040 ## - CATALOGING SOURCE | |
| Original cataloging agency | LK-CoDNM |
| Modifying agency | LK-CoDNM |
| Description conventions | LK-CoDNM |
| 041 ## - LANGUAGE CODE | |
| Language code of text/sound track or separate title | English |
| 080 ## - UNIVERSAL DECIMAL CLASSIFICATION NUMBER | |
| Universal Decimal Classification number | 7(540) |
| Item number | SIV |
| 942 ## - ADDED ENTRY ELEMENTS (KOHA) | |
| Koha item type | Books |
| 100 ## - MAIN ENTRY--PERSONAL NAME | |
| Personal name | sivaramamurti, C |
| 245 ## - TITLE STATEMENT | |
| Title | Ethical Fragrance in Indian Art and Literature |
| 260 ## - PUBLICATION, DISTRIBUTION, ETC. (IMPRINT) | |
| Place of publication, distribution, etc. | New Delhi, India |
| Name of publisher, distributor, etc. | Kanak Publications |
| Date of publication, distribution, etc. | 1980 |
| 300 ## - PHYSICAL DESCRIPTION | |
| Extent | 137P. : ill ; 25 cm |
| 650 ## - SUBJECT ADDED ENTRY--TOPICAL TERM | |
| Topical term or geographic name as entry element | Indian |
| Withdrawn status | Lost status | Damaged status | Not for loan | Collection code | Permanent Location | Current Location | Shelving location | Date acquired | Full call number | Barcode | Koha item type |
|---|---|---|---|---|---|---|---|---|---|---|---|
| Damaged | Monographs | Library National Museum Colombo - Sri Lanka | Library National Museum Colombo - Sri Lanka | Reference | 2025-02-27 | 7(540) SIV | 119547 | Books |


